000 00959nas a2200289 4500
001 BR2014005758
003 BR-BrBNA
005 20231205124510.0
007 ta
008 230509b bl.|||p| |||| 00| 00por d
040 _aBR-BrBNA
_bpor
_cBiblioteca Nacional de Agricultura
041 _a(Pt)
072 _aP33; N20
100 1 _aCortez, J.W.
100 1 _aOlzevski, N.
100 1 _aPimenta, W.A.
100 1 _aPatrocínio Filho, A.P.
100 1 _aSouza, E.B. de
100 1 _aNagahama, H. de J.
245 1 _aAvaliação da intensidade de tráfego de tratores em alguns atributos físicos de um argissolo amarelo
650 _aFÍSICA DO SOLO
650 _aMÁQUINA AGRÍCOLA
773 0 _tRevista Brasileira de Ciência do Solo (Brazil)
_xISSN 0100-0683
_g(May-Jun 2014), v. 38(3) p. 1000-1010
_wBR2014005758
856 4 0 _uhttp://www.scielo.br/pdf/rbcs/v38n3/32.pdf
909 _a202311
_bLúcia
_c55
_dLúcia Elande
942 _2AGRIS
_n0
_cANA
999 _c239387
_d239387